000 00245nam a2200097Ia 4500
001 1021711
005 20250826231202.0
008 250824s9999 xx 000 0 und d
245 0 _aFESLEĞEN
_cHİKMET ANIL ÖZTEKİN
260 _bDESTEK YAYINLARI
999 _c1021711
_d1021711